Teoría de la decisión (Registro nro. 468)
[ vista simple ]
| 000 -LEADER | |
|---|---|
| fixed length control field | 01345 a2200337 4500 |
| 001 - CONTROL NUMBER | |
| control field | 10506 |
| 005 - DATE AND TIME OF LATEST TRANSACTION | |
| control field | 20260407155439.0 |
| 008 - FIXED-LENGTH DATA ELEMENTS--GENERAL INFORMATION | |
| fixed length control field | 260407a2010 arg spa d |
| 003 - CONTROL NUMBER IDENTIFIER | |
| control field | AR-UNSa-BCEJYS |
| 040 ## - CATALOGING SOURCE | |
| Original cataloging agency | AR-UNSa-BCEJYS |
| Language of cataloging | spa |
| Transcribing agency | AR-UNSa-BCEJYS |
| 080 ## - UNIVERSAL DECIMAL CLASSIFICATION NUMBER | |
| Universal Decimal Classification number | 658.012.123 |
| Common auxiliary subdivision | Modelos de decisión. Diagramas de decisión. Árboles de decisión (Cursogramas) |
| 020 ## - INTERNATIONAL STANDARD BOOK NUMBER | |
| International Standard Book Number | 978-987-615-098-9 |
| 100 1# - MAIN ENTRY--PERSONAL NAME | |
| Personal name | Bonatti, Patricia |
| 245 10 - TITLE STATEMENT | |
| Title | Teoría de la decisión |
| 264 #1 - PRODUCTION, PUBLICATION, DISTRIBUTION, MANUFACTURE, AND COPYRIGHT NOTICE | |
| Place of production, publication, distribution, manufacture | Buenos Aires : |
| Name of producer, publisher, distributor, manufacturer | Pearson Educación |
| Date of production, publication, distribution, manufacture, or copyright notice | 2010 |
| 300 ## - PHYSICAL DESCRIPTION | |
| Extent | 470 p. |
| Dimensions | 23 cm. |
| 505 ## - FORMATTED CONTENTS NOTE | |
| Formatted contents note | 1. La decisión - 2. La incertidumbre - 3. Los elementos - 4. Las herramientas - 5. Los objetivos - 6. Análisis de sensibilidad - 7. Simulación - 8. Teoría del valor axiomática - 9. La economía de la información - 10. Sesgos cognitivos - 11. Decisiones grupales |
| 590 ## - LOCAL NOTE (RLIN) | |
| Local note | niveau_biblio:m niveau_hierar:0 |
| 700 1# - ADDED ENTRY--PERSONAL NAME | |
| Personal name | Aguirre, Marcela |
| 700 1# - ADDED ENTRY--PERSONAL NAME | |
| Personal name | Regno, Leandro Del |
| 700 1# - ADDED ENTRY--PERSONAL NAME | |
| Personal name | Dias, Andrea |
| 700 1# - ADDED ENTRY--PERSONAL NAME | |
| Personal name | Esseiva, Federico |
| 700 1# - ADDED ENTRY--PERSONAL NAME | |
| Personal name | Lizaso, Ricardo |
| 700 1# - ADDED ENTRY--PERSONAL NAME | |
| Personal name | Monti, Virginia |
| 700 1# - ADDED ENTRY--PERSONAL NAME | |
| Personal name | Serrano, Sofía |
| 700 1# - ADDED ENTRY--PERSONAL NAME | |
| Personal name | Slotnisky, Ariel |
| 700 1# - ADDED ENTRY--PERSONAL NAME | |
| Personal name | Tagle, Santiago |
| 700 1# - ADDED ENTRY--PERSONAL NAME | |
| Personal name | Weissmann, Ernesto |
| 856 41 - ELECTRONIC LOCATION AND ACCESS | |
| Uniform Resource Identifier | <a href="https://biblioeco.unsa.edu.ar/pmb/images/libros/Teoria de la decision2-l118804.jpg">https://biblioeco.unsa.edu.ar/pmb/images/libros/Teoria de la decision2-l118804.jpg</a> |
| Link text | Imagen de portada |
| Electronic format type | image/jpeg |
| 942 ## - ADDED ENTRY ELEMENTS (KOHA) | |
| Koha item type | |
| Withdrawn status | Lost status | Damaged status | Not for loan | Home library | Current library | Shelving location | Date acquired | Total checkouts | Full call number | Barcode | Date last seen | Price effective from | Koha item type | Public note |
|---|---|---|---|---|---|---|---|---|---|---|---|---|---|---|
| Biblioteca Prof. Eusebio Cleto del Rey | Biblioteca Prof. Eusebio Cleto del Rey | 07/04/2026 | 658.012.123 B697 | L118804 | 07/04/2026 | 07/04/2026 | Libro | |||||||
| Biblioteca Prof. Eusebio Cleto del Rey | Biblioteca Prof. Eusebio Cleto del Rey | 07/04/2026 | 658.012.123 B697 | L118805 | 07/04/2026 | 07/04/2026 | Libro | PAG. 433 A 440 DOBLADAS - PAG. 53, 54 Y ULTIMA HOJA MANCHADAS | ||||||
| Biblioteca Prof. Eusebio Cleto del Rey | Biblioteca Prof. Eusebio Cleto del Rey | 07/04/2026 | 658.012.123 B697 | L118806 | 07/04/2026 | 07/04/2026 | Libro | PAG. 17 A 20 HÚMEDAS - PAG. 23 A 25 MANCHADAS - | ||||||
| Biblioteca Prof. Eusebio Cleto del Rey | Biblioteca Prof. Eusebio Cleto del Rey | 07/04/2026 | 658.012.123 B697 | L118807 | 07/04/2026 | 07/04/2026 | Libro | |||||||
| Biblioteca Prof. Eusebio Cleto del Rey | Biblioteca Prof. Eusebio Cleto del Rey | 07/04/2026 | 658.012.123 B697 | L118808 | 07/04/2026 | 07/04/2026 | Libro | |||||||
| Biblioteca Prof. Eusebio Cleto del Rey | Biblioteca Prof. Eusebio Cleto del Rey | 07/04/2026 | 658.012.123 B697 | L118809 | 07/04/2026 | 07/04/2026 | Libro | |||||||
| Biblioteca Prof. Eusebio Cleto del Rey | Biblioteca Prof. Eusebio Cleto del Rey | 07/04/2026 | 658.012.123 B697 | L118810 | 07/04/2026 | 07/04/2026 | Libro | |||||||
| Biblioteca Prof. Eusebio Cleto del Rey | Biblioteca Prof. Eusebio Cleto del Rey | 07/04/2026 | 658.012.123 B697 | L118811 | 07/04/2026 | 07/04/2026 | Libro | PAG. 311 CON CINTA - LÁPIZ LEVE - CANTO SUPERIOR UN POCO MANCHADO - |